00564nam a2200181 i 4500001000700000003000900007005001700016008004100033020001800074080002100092100003500113245004900148260003000197300002100227490004100248830003800289852005500327164992ES-MaACL20250911062843.0180723s1977 sp |||| | spa d a84-7053-174-3 a821.134.2-14"19"1 aBrines, Francisco, d1932-202110aInsistencias en Luzbel / cFrancisco Brines. aMadrid : bVisor, c1977. a87 p. ; c19 cm.1 aColección Visor de poesía ; v740 aColección Visor de poesíav74 aES-MaACLjL-32116 z. - Donat. Amadeo Aláez Rojo